| 000 | 00713nam a22002175i 4500 | ||
|---|---|---|---|
| 001 | 161363 | ||
| 003 | ES-MaACL | ||
| 005 | 20230906212254.0 | ||
| 008 | 990119m18561857fr |||| | fre d | ||
| 040 |
_aCCPB | B _bspa _cCCPB | B |
||
| 100 | 1 |
_aPardessus, J.M. _9130829 |
|
| 245 | 1 | 0 |
_aCours de Droit Commercial / _cpar J. M. Pardessus. |
| 250 |
_a6e ed. _bpubliée par Eugène de Rozière. |
||
| 260 |
_aParís : _bHenri Plon, Libraire-éditeur, _c1856-1857. |
||
| 300 |
_a4 v. ; _c21 cm. |
||
| 597 | 1 | _aAntep. | |
| 650 | 4 |
_aDerecho mercantil- _zFrancia. _9135893 |
|
| 700 | 1 | 0 |
_aRozière, Eugene de, _eed. lit. _9132140 |
| 752 |
_aFrancia - _dParís |
||
| 852 |
_aES-MaACL _jF-14484-14487 _z-- Enc. hol. |
||
| 999 |
_c161363 _d161363 |
||